|
|
|
|
| LEADER |
01479nam a2200397Ia 4500 |
| 001 |
EBC227703 |
| 003 |
MiAaPQ |
| 005 |
20200520144314.0 |
| 006 |
m o d | |
| 007 |
cr cn||||||||| |
| 008 |
040907s2005 maua sb 001 0 eng d |
| 010 |
|
|
|z 2004057412
|
| 020 |
|
|
|z 9781580539289
|
| 020 |
|
|
|z 1580539270 (alk. paper)
|
| 020 |
|
|
|z 1580539289
|
| 035 |
|
|
|a (MiAaPQ)EBC227703
|
| 035 |
|
|
|a (Au-PeEL)EBL227703
|
| 035 |
|
|
|a (CaPaEBR)ebr10082015
|
| 035 |
|
|
|a (OCoLC)57442013
|
| 040 |
|
|
|a MiAaPQ
|c MiAaPQ
|d MiAaPQ
|
| 050 |
|
4 |
|a HD49
|b .M38 2005
|
| 082 |
0 |
4 |
|a 658.4/056
|2 22
|
| 100 |
1 |
|
|a McCrackan, Andrew.
|
| 245 |
1 |
0 |
|a Practical guide to business continuity assurance
|h [electronic resource] /
|c Andrew McCrackan.
|
| 260 |
|
|
|a Boston :
|b Artech House,
|c c2005.
|
| 300 |
|
|
|a xii, 210 p. :
|b ill.
|
| 490 |
1 |
|
|a Artech House technology management and professional development library
|
| 504 |
|
|
|a Includes bibliographical references and index.
|
| 533 |
|
|
|a Electronic reproduction. Ann Arbor, MI : ProQuest, 2015. Available via World Wide Web. Access may be limited to ProQuest affiliated libraries.
|
| 650 |
|
0 |
|a Business planning.
|
| 650 |
|
0 |
|a Crisis management.
|
| 650 |
|
0 |
|a Emergency management.
|
| 655 |
|
4 |
|a Electronic books.
|
| 710 |
2 |
|
|a ProQuest (Firm)
|
| 830 |
|
0 |
|a Artech House technology management and professional development library.
|
| 856 |
4 |
0 |
|u https://ebookcentral.proquest.com/lib/matrademy/detail.action?docID=227703
|z Click to View
|